[Event "11th Aeroflot Open B"]
[Site "Moscow RUS"]
[Date "2012.02.12"]
[Round "6"]
[White "Kotanjian,T"]
[Black "Mozharov,M"]
[Result "1/2-1/2"]
[WhiteElo "2533"]
[BlackElo "2478"]

1.d4 d5 2.c4 c6 3.Nf3 Nf6 4.Qc2 dxc4 5.Qxc4 Bg4 6.Nbd2 Nbd7 7.h3 Bh5 8.e3 e6
9.Be2 c5 10.O-O cxd4 11.Nxd4 Bxe2 12.Qxe2 Bc5 13.N2b3 Be7 14.Bd2 O-O 15.Ba5 Qb8
16.Rac1 a6 17.Bc7 Qa7 18.Rc4 Nb6 19.Rc2 Rac8 20.Rfc1 Nbd5 21.Ba5 Qb8 22.e4 Nf4
23.Qe3 Bd6 24.Bb6 Rxc2 25.Rxc2 N4d5 26.exd5 Nxd5 27.Qf3 Nxb6 28.Na5 Nd5 29.Qb3 Bb4
30.Nc4 Qf4 31.Nf3 b5 32.Ne3 Nxe3 33.Qxe3 Qd6 34.Qc1 Qd5 35.a3 Be7 36.Rc7 Bf6
37.b4 h6 38.Qc5 Qb3 39.Rc8 Be7 40.Qc3 Qxc3 41.Rxc3 Bf6 42.Rc6 Ra8 43.Ne1 a5
44.Nc2 axb4 45.axb4 Be7 46.Rc7 Bf8 47.Kf1 g6 48.Ke2 Ra4 49.Rb7 Bxb4 50.Rxb5 Bf8
51.Rb8 Kg7 52.Rc8 f5 53.Ne1 Kf7 54.Nd3 Bd6 55.Rd8 Ra2+ 56.Ke1 Ke7 57.Rc8 e5
58.Nc1 Rb2 59.g3 Kd7 60.Rc4 Ke6 61.Kf1 g5 62.Ne2 Kd5 63.Rc8 e4 64.Rd8 Ke5
65.Re8+ Kf6 66.Rh8 Rb1+ 67.Kg2 f4 68.gxf4 gxf4 69.f3 exf3+ 70.Kxf3 Rb3+ 71.Kg4 f3
72.Rxh6+ Kf7 73.Ng3 Rb4+ 74.Kxf3 Rb3+ 75.Ke4 Bxg3 76.h4 Bxh4 77.Ra6 Bg3 78.Kf5 Rb5+
79.Ke4 Ke7 80.Rh6 Be5 81.Ra6 Bd6 82.Ra8 Ke6 83.Re8+ Be7 84.Kd4 Rb4+ 85.Kd3 Kd7
86.Ra8 Bd6 87.Kc3 Ke6 88.Rg8 Rh4 89.Kd3 Kd5 90.Re8 Rg4 91.Rd8 Rg3+ 92.Ke2 Ke5
93.Kf2 Ra3 94.Ke2 Bc5 95.Re8+ Kf4 96.Rd8 Ke4 97.Re8+ Kd5 98.Rd8+ Kc4 99.Rc8 Rb3
100.Re8 Bd4 101.Rd8 Re3+ 102.Kd2 Re7 103.Rc8+ Bc5 104.Rc6 Rf7 105.Re6 Bd4
106.Rc6+ Kd5 107.Rc8 Ke4 108.Re8+ Be5 109.Ke2 Rb7 110.Rd8 Rh7 111.Re8 Rh2+
112.Kd1 Kd3 113.Ke1 Bd4 114.Kf1 Rf2+ 115.Ke1 Rf7 116.Kd1 Ra7 117.Rc8 Ra2
118.Rc7 Rd2+ 119.Ke1 Ra2 120.Kd1 Rd2+ 121.Kc1 Rg2 122.Kb1 Rb2+ 123.Kc1 Rb8
124.Kd1 Rb2 125.Rc8 Rd2+ 126.Kc1 Rg2 127.Kb1  1/2-1/2

[Event "11th Aeroflot Open B"]
[Site "Moscow RUS"]
[Date "2012.02.14"]
[Round "8"]
[White "Nguyen Van Huy"]
[Black "Artemiev,V"]
[Result "1-0"]
[WhiteElo "2473"]
[BlackElo "2439"]

1.Nf3 d5 2.d4 Nf6 3.c4 c6 4.Qb3 dxc4 5.Qxc4 Bg4 6.Nbd2 Nbd7 7.g3 e6 8.Bg2 Be7
9.O-O O-O 10.Qb3 Qb6 11.Nc4 Qa6 12.Re1 Rfd8 13.e3 Rab8 14.Nce5 Bh5 15.Bd2 Nxe5
16.Nxe5 c5 17.Bc3 Nd5 18.dxc5 Bxc5 19.g4 Bg6 20.Nxg6 hxg6 21.Be5 Bd6 22.Bd4 Nb4
23.Red1 Nc6 24.Bc3 b5 25.a3 Ne5 26.Rd4 Nc6 27.Rdd1 Ne5 28.Rd4 Nc6 29.Rdd1 Ne5
30.h3 Nc4 31.Qc2 Be7 32.Qe4 Bf6 33.Bxf6 gxf6 34.b3 Nb6 35.Qb4 Kg7 36.Rac1 Rbc8
37.Rxd8 Rxd8 38.Rc7 Rd1+ 39.Kh2 Nd7 40.Qe7 Qd6+ 41.Qxd6 Rxd6 42.Rxa7 Nc5
43.Ra5 Nxb3 44.Rxb5 Rd3 45.a4 Nd2 46.Rb2 Nc4 47.Ra2 Na5 48.Kg3 Rb3 49.Kf3 g5
50.Ke4 Rb4+ 51.Kd3 Kf8 52.Bf1 Ke7 53.Kc3 Rb3+ 54.Kc2 f5 55.Bb5 fxg4 56.hxg4 f5
57.Rb2 Ra3 58.Kd2 fxg4 59.Rb4 Ra2+ 60.Ke1 Ra1+ 61.Ke2 Rg1 62.Bd3 g3 63.fxg3 Rxg3
64.Rb5 Nc6 65.Be4 Nd8 66.Rb1 Nf7 67.Ra1 Rg4 68.Bf3 Rc4 69.a5 Rc7 70.a6 Ra7
71.Kf2 Ne5 72.Be2 Kd6 73.Kg3 Nc6 74.Bf3 Nb4 75.Bb7 Nc2 76.Rd1+ Ke5 77.Rd3 Nb4
78.Ra3 Nd5 79.Kf3 Nc7 80.Ra5+ Kf6 81.Ke4 Ne8 82.Kd4 Nc7 83.Kc5 Nxa6+ 84.Bxa6 g4
85.Kb6 Rh7 86.Ra2 Ke5 87.Bb7 Rh3 88.Re2 Kd6 89.Kb5 Rh7 90.Bg2 Rc7 91.Kb4 Ke5
92.Kb3 Rc1 93.Kb2 Rg1 94.Kc2 Kf5 95.Kd3 Rd1+ 96.Rd2 Rb1 97.Rf2+ Kg5 98.Rf1 Rxf1
99.Bxf1 Kh4 100.Ke4 Kg3 101.Be2 Kh3 102.Kf4 g3 103.Bf3 g2 104.Bxg2+ Kxg2
105.e4 Kf2 106.e5 Ke2 107.Kg5  1-0

[Event "US Amateur Team-ch East"]
[Site "Parsippany USA"]
[Date "2012.02.20"]
[Round "5"]
[White "Frenklakh,V"]
[Black "Chi,Patrick"]
[Result "1/2-1/2"]
[WhiteElo "2305"]
[BlackElo "2052"]

1.d4 d5 2.c4 c6 3.Nf3 Nf6 4.Qc2 dxc4 5.Qxc4 Bf5 6.g3 e6 7.Bg2 Nbd7 8.O-O Be7
9.Rd1 O-O 10.e3 Qc7 11.Nc3 e5 12.h3 Nb6 13.Qe2 exd4 14.Nxd4 Bg6 15.e4 Rad8
16.f4 Bc5 17.Be3 Rfe8 18.f5 Bxd4 19.Bxd4 Bxf5 20.Bxf6 gxf6 21.Rxd8 Qxd8 22.Rd1 Qe7
23.g4 Be6 24.Qf2 Rd8 25.Re1 Bc8 26.e5 fxe5 27.Ne4 Nd5 28.g5 Qb4 29.Nf6+ Nxf6
30.gxf6 Qf4 31.Qxf4 exf4 32.Re7 Kf8 33.Rc7 a5 34.Kf2 h6 35.Kf3 Be6 36.Rxb7 Bd5+
37.Kf2 Bxg2 38.Kxg2 Kg8 39.Kf3 Rd6 40.Ra7 Rxf6 41.Rxa5 Kf8 42.b4 Rd6 43.Ke4 f3
44.Rf5 Rd2  1/2-1/2

[Event "ch-POL 2012"]
[Site "Warsaw POL"]
[Date "2012.02.23"]
[Round "6"]
[White "Olszewski,Mi"]
[Black "Piorun,K"]
[Result "1/2-1/2"]
[WhiteElo "2539"]
[BlackElo "2520"]

1.d4 d5 2.c4 c6 3.Nf3 Nf6 4.Nbd2 g6 5.e3 Bg7 6.Be2 O-O 7.O-O Bf5 8.b3 a5
9.Ba3 Na6 10.Ne5 Nb4 11.Bb2 Nd7 12.Nxd7 Qxd7 13.Nf3 c5 14.Qd2 dxc4 15.bxc4 cxd4
16.exd4 Bg4 17.d5 Bxf3 18.Bxf3 Bxb2 19.Qxb2 Rfc8 20.a3 Nd3 21.Qd4 Nc5 22.Rae1 Qd6
23.Re3 Nd7 24.Qh4 Nb6 25.Be2 Rc7 26.Rh3 h5 27.g4 Qf4 28.gxh5 Qxh4 29.Rxh4 gxh5
30.Rxh5 Nxc4 31.Kh1 Kg7 32.Rc1 Rac8 33.Rg1+ Kf6 34.Bg4 Rg8 35.Rf5+ Kg7 36.Be2+ Kf8
37.Rc1 b5 38.a4 Rb7 39.axb5 Nd6 40.Rf4 Rg5 41.Rc5 e6 42.Rc6 e5 43.Rf6 Nxb5
44.h4 Rg8 45.h5 Ke7 46.Rf5 Nd4 47.Rxe5+ Kd7 48.Rf6 Rb4  1/2-1/2

[Event "ch-POL 2012"]
[Site "Warsaw POL"]
[Date "2012.02.26"]
[Round "9"]
[White "Olszewski,Mi"]
[Black "Hnydiuk,A"]
[Result "0-1"]
[WhiteElo "2539"]
[BlackElo "2409"]

1.d4 d5 2.c4 c6 3.Nf3 Nf6 4.Qb3 dxc4 5.Qxc4 Bf5 6.g3 e6 7.Bg2 Nbd7 8.O-O Be7
9.e3 O-O 10.Qe2 Rc8 11.Nc3 Ne4 12.Ne1 Nxc3 13.bxc3 e5 14.e4 Be6 15.f4 exd4
16.f5 Qb6 17.Kh1 d3 18.Qxd3 Ne5 19.Qd4 Bc4 20.Qxe5 Bf6 21.Qf4 Bxf1 22.Bxf1 Bxc3
23.Be3 Qa5 24.Rc1 Bxe1 25.f6 Bc3 26.fxg7 Bxg7 27.Rc5 Qxa2 28.Rg5 f6 29.Rh5 f5
30.exf5 Qd5+ 31.Kg1 b5 32.Qg4 Qe5 33.Bf2 Rcd8 34.Qf3 Qd5 35.Qg4 Qd1 36.Qg5 Qf3
37.g4 Rd1  0-1

[Event "32nd TCh-IND 2012"]
[Site "Panaji IND"]
[Date "2012.02.27"]
[Round "1"]
[White "Laxman,R"]
[Black "Rajkumar,S"]
[Result "1-0"]
[WhiteElo "2434"]
[BlackElo "1848"]

1.Nf3 d5 2.d4 Nf6 3.c4 c6 4.Qc2 dxc4 5.Qxc4 b5 6.Qc2 Bb7 7.e4 e6 8.Bd3 Nbd7
9.O-O a6 10.a4 c5 11.axb5 axb5 12.Rxa8 Qxa8 13.dxc5 Bxc5 14.Bxb5 O-O 15.Nc3 Rd8
16.Qa4 Qxa4 17.Bxa4 Nxe4 18.Nxe4 Bxe4 19.Rd1 Bd5 20.Be3 Bxe3 21.fxe3 Nc5
22.Bc6 Rd6 23.Bxd5 Rxd5 24.Rxd5 exd5 25.Nd4 Kf8 26.Kf1 Ke7 27.Ke2 Ne4 28.b4 Kd7
29.Kf3 g6 30.g4 h6 31.h4 Kd6 32.Kf4 Nf2 33.b5 Nd3+ 34.Kg3 Ne5 35.b6 Nc4 36.b7 Kc7
37.Nc6 Kxb7 38.Nd8+ Kc7 39.Nxf7 h5 40.gxh5 gxh5 41.Kf4 Kb6 42.Nh6 Kc6 43.Nf5 Kd7
44.Ng7 Ke7 45.Nxh5 Nd2 46.Ng3 Nb3 47.Ke5  1-0

[Event "PriFO Champ RUS 2012"]
[Site "Tolyatti RUS"]
[Date "2012.02.27"]
[Round "1.18"]
[White "Glidzhain,G"]
[Black "Kozionov,Kirill"]
[Result "1-0"]
[WhiteElo "2381"]
[BlackElo "2209"]

1.d4 d5 2.c4 c6 3.Nf3 Nf6 4.g3 Bf5 5.Bg2 e6 6.Nc3 Be7 7.Nh4 Bg4 8.h3 Bh5
9.g4 Nfd7 10.cxd5 cxd5 11.Nf5 exf5 12.gxh5 Nb6 13.Qd3 Qd7 14.Qg3 Nc6 15.Bf4 Bf6
16.e3 O-O 17.O-O Ne7 18.Rfd1 Rac8 19.Rac1 Rc6 20.Bf3 Rfc8 21.Rb1 Nc4 22.Ne2 Nd6
23.Bxd6 Rxd6 24.Rbc1 h6 25.Rxc8+ Nxc8 26.Nf4 Ne7 27.Nd3 b6 28.Rc1 g5 29.hxg6 fxg6
30.Nf4 Kh7 31.Nd3 Bg7 32.Kg2 g5 33.Be2 f4 34.Qg4 fxe3 35.Qxd7 Rxd7 36.Bg4 Rb7
37.fxe3 Kg6 38.Nb4 a5 39.Nc6 Nf5 40.Rc3 h5 41.Bd1 Rc7 42.Kf2 Bf6 43.Bc2 g4
44.hxg4 hxg4 45.Bb3 Rd7 46.Rc2 Kg5 47.Nb8 Rh7 48.Rc8 Rh2+ 49.Kg1 Rxb2 50.Nd7 Be7
51.Ne5 Nxe3 52.Re8 Kf4 53.Nd3+ Kf3 54.Nxb2 Bh4 55.Bd1+  1-0

[Event "ch-Moscow S/F 2012"]
[Site "Moscow RUS"]
[Date "2012.03.01"]
[Round "5"]
[White "Morozov,G"]
[Black "Babikov,I"]
[Result "1/2-1/2"]
[WhiteElo "2351"]
[BlackElo "2325"]

1.d4 d5 2.Nf3 Nf6 3.c4 c6 4.Qc2 e6 5.g3 Nbd7 6.Bg2 Bd6 7.O-O Ne4 8.Nfd2 f5
9.Nxe4 dxe4 10.Bf4 Bxf4 11.gxf4 g5 12.Qd2 Rg8 13.f3 gxf4 14.Qxf4 Nb6 15.e3 Nxc4
16.b3 e5 17.dxe5 Qd3 18.bxc4 Qe2 19.Rf2 Qe1+ 20.Rf1 Qe2 21.Rf2 Qe1+ 22.Rf1 exf3  1/2-1/2

[Event "83rd ch-GER 2012"]
[Site "Osterburg GER"]
[Date "2012.03.02"]
[Round "1"]
[White "Stern,R"]
[Black "Mueller,Mic1"]
[Result "1-0"]
[WhiteElo "2502"]
[BlackElo "2308"]

1.d4 d5 2.c4 c6 3.Nf3 Nf6 4.Nbd2 Bf5 5.Nh4 Bg6 6.Qb3 Qb6 7.Qh3 Nbd7 8.Nxg6 fxg6
9.e3 c5 10.Bd3 cxd4 11.exd4 Qxd4 12.O-O Ne5 13.Be2 Rd8 14.Qe6 Rd6 15.Qc8+ Kf7
16.cxd5 Nxd5 17.Nf3 Nxf3+ 18.Bxf3 Nb6 19.Qb8 Nc4 20.Be3 Qxb2 21.Bc5 e6 22.Bxd6 Nxd6
23.Rac1 h5 24.Rc7+ Kg8 25.Rd7 Qa3 26.Rd1 Nf5 27.Qe8 Kh7 28.Qxe6 Bc5 29.Bxh5 Nh4
30.Qf6 Kh6 31.Qxg7+ Kg5 32.R7d5+  1-0

[Event "83rd ch-GER 2012"]
[Site "Osterburg GER"]
[Date "2012.03.03"]
[Round "2"]
[White "Riegler,Dieter"]
[Black "Nuber,K"]
[Result "0-1"]
[WhiteElo "2118"]
[BlackElo "2308"]

1.d4 d5 2.c4 c6 3.Nf3 Nf6 4.Qc2 g6 5.Bf4 Bg7 6.e3 Bg4 7.Nbd2 Nbd7 8.h3 Bxf3
9.Nxf3 c5 10.Be2 cxd4 11.exd4 dxc4 12.Bxc4 O-O 13.O-O Rc8 14.Qe2 Nb6 15.Bb3 e6
16.g4 Nbd5 17.Be5 Qb6 18.Rac1 Ne7 19.Rfd1 Nfd5 20.Rxc8 Rxc8 21.Bxg7 Kxg7
22.Ne5 Nf4 23.Qf3 g5 24.Nd3 Neg6 25.Nxf4 Nxf4 26.h4 h6 27.h5 Rd8 28.Qe4 Qc6
29.Qxc6 bxc6 30.Kf1 f5 31.gxf5 exf5 32.Rc1 Rd6 33.Ba4 Rxd4 34.Bxc6 Rd2 35.Ba4 Rxb2
36.Rc7+ Kf6 37.Rc6+ Ke5 38.Bc2 Rxa2 39.Ke1 Nxh5 40.Rc5+ Kd6  0-1

[Event "TCh-BEL 2011-12"]
[Site "Belgium BEL"]
[Date "2012.03.04"]
[Round "9.3"]
[White "Chuchelov,V"]
[Black "Tan,Mat"]
[Result "1-0"]
[WhiteElo "2538"]
[BlackElo "2416"]

1.Nf3 Nf6 2.c4 c6 3.d4 d5 4.Qc2 dxc4 5.Qxc4 Bg4 6.Nbd2 e6 7.g3 Nbd7 8.Bg2 Be7
9.O-O O-O 10.Ne5 Bh5 11.Nxd7 Nxd7 12.Nb3 a5 13.a4 e5 14.Qc2 Bg6 15.e4 exd4
16.Nxd4 Re8 17.Rd1 Bf6 18.Be3 Qe7 19.Nb3 Nb8 20.Qc5 Na6 21.Qxe7 Rxe7 22.Nxa5 Bxe4
23.Bxe4 Rxe4 24.Nxb7 Bxb2 25.Rab1 Bf6 26.a5 h5 27.Rdc1 Rb4 28.Rxb4 Nxb4 29.Bd2 Be7
30.Rc4 Ra7 31.Bxb4 Rxb7 32.a6 Ra7 33.Bxe7 Rxe7 34.Rxc6 Re1+ 35.Kg2 Ra1 36.Kf3 g6
37.h4 Kg7 38.Ke3 Ra2 39.Rb6 Kh7 40.Rc6 Kg7 41.Kd4 Rxf2 42.Kc5 Ra2 43.Kb6 f6
44.a7 g5 45.Rc5  1-0

[Event "TCh-BEL 2011-12"]
[Site "Belgium BEL"]
[Date "2012.03.04"]
[Round "9.1"]
[White "Malakhatko,V"]
[Black "Milov,L"]
[Result "1/2-1/2"]
[WhiteElo "2543"]
[BlackElo "2510"]

1.d4 d5 2.c4 c6 3.Nf3 Nf6 4.Qb3 dxc4 5.Qxc4 Bg4 6.Nbd2 Nbd7 7.g3 e6 8.Bg2 Be7
9.O-O O-O 10.Re1 Rc8 11.Qb3 b5 12.Ne5 Nxe5 13.dxe5 Nd7 14.h3 Bh5 15.g4 Bg6
16.f4 a5 17.Kh1 Bb4 18.Rf1 Nb6  1/2-1/2

[Event "83rd ch-GER 2012"]
[Site "Osterburg GER"]
[Date "2012.03.04"]
[Round "3"]
[White "Stern,R"]
[Black "Degtiarev,E"]
[Result "1-0"]
[WhiteElo "2502"]
[BlackElo "2342"]

1.d4 d5 2.c4 dxc4 3.Nf3 c6 4.e3 Be6 5.Nc3 b5 6.a4 b4 7.Nb1 Nf6 8.Be2 Bd5
9.Nbd2 a5 10.O-O g6 11.Bxc4 Bxc4 12.Nxc4 Ra6 13.Qe2 Ne4 14.Ncd2 Nxd2 15.Bxd2 Bg7
16.Rac1 O-O 17.Rc5 Qb6 18.Rfc1 Rc8 19.e4 Nd7 20.R5c4 e5 21.d5 c5 22.Be3 Bf8
23.Nd2 Ra7 24.R4c2 Qa6 25.Qxa6 Rxa6 26.b3 f5 27.f3 fxe4 28.fxe4 Ra7 29.Kf1 Nb6
30.Ke2 Rac7 31.Kd3 Bd6 32.Nc4 Nxc4 33.Kxc4 Kg7 34.Rf1 Rb7 35.Rcf2 Rd8 36.Rf6 Re7
37.Bg5 Rc7 38.Rf7+  1-0

[Event "2nd HD Bank Cup 2012"]
[Site "Ho Chi Minh City VIE"]
[Date "2012.03.05"]
[Round "6.4"]
[White "Nguyen Ngoc Truong Son"]
[Black "Nguyen Duc Hoa"]
[Result "1/2-1/2"]
[WhiteElo "2662"]
[BlackElo "2453"]

1.d4 d5 2.c4 c6 3.Nf3 Nf6 4.Qb3 e6 5.Bg5 Be7 6.e3 O-O 7.Nc3 h6 8.Bh4 Ne4
9.Bxe7 Qxe7 10.Bd3 Nxc3 11.Qxc3 Nd7 12.O-O dxc4 13.Bxc4 b6 14.Qd3 Rd8 15.Qe2 c5
16.Rfd1 Bb7 17.Ba6 Bxa6 18.Qxa6 e5 19.Qb7 exd4 20.exd4 Qf6 21.h3 cxd4 22.Nxd4 Nc5
23.Qc6 Ne6 24.Nxe6 Qxe6 25.Qxe6 fxe6 26.Kf1 Kf7 27.Ke2 Kf6 28.Rxd8 Rxd8 29.Rc1 Rd5
30.b3 Re5+ 31.Kf1 a5 32.Rc6 Rb5 33.Rc4 Re5 34.Rc8 Rb5 35.g3 a4 36.bxa4 Rb2
37.Rc4 Rxa2 38.Rb4 h5 39.h4 g6 40.Kg2 Ra3 41.Kf1 Ra2 42.Ke1 Ke7 43.f3 Kf6
44.Kf1 Ke7 45.Kg1 Kf6 46.g4 hxg4 47.fxg4 Kf7 48.Rf4+ Kg7 49.Rb4 Kf7 50.Kf1 Kf6
51.Kg1 Ke5 52.Kf1 Kf6 53.Ke1 Rh2 54.h5 gxh5 55.gxh5 Rxh5 56.Rxb6  1/2-1/2

[Event "European Ind w 2012"]
[Site "Gaziantep TUR"]
[Date "2012.03.06"]
[Round "5"]
[White "Paehtz,E"]
[Black "Molchanova,T"]
[Result "1-0"]
[WhiteElo "2459"]
[BlackElo "2346"]

1.d4 d5 2.c4 c6 3.Nf3 Nf6 4.Qc2 a6 5.Bf4 e6 6.e3 Nbd7 7.Nbd2 Nh5 8.Bg5 Be7
9.Bxe7 Qxe7 10.Bd3 g6 11.O-O-O b5 12.cxd5 cxd5 13.Kb1 O-O 14.Qc7 Rb8 15.h4 Rb7
16.Qh2 f5 17.Ne5 Nxe5 18.Qxe5 Nf6 19.Nb3 Ng4 20.Qf4 Bd7 21.Be2 h5 22.Qg3 Be8
23.Rc1 Ra7 24.Rc8 a5 25.Rhc1 a4 26.Nc5 a3 27.b3 Qf6 28.Qf4 Re7 29.Bxg4 hxg4
30.g3 e5 31.dxe5 Rxe5 32.Qd4 f4 33.gxf4 Qf5+ 34.Ka1 Rxe3 35.Rc7  1-0

[Event "2nd HD Bank Cup 2012"]
[Site "Ho Chi Minh City VIE"]
[Date "2012.03.06"]
[Round "8.11"]
[White "Duong The Anh"]
[Black "Vo Thanh Ninh"]
[Result "1-0"]
[WhiteElo "2373"]
[BlackElo "2340"]

1.d4 d5 2.c4 c6 3.Nf3 Nf6 4.Qb3 dxc4 5.Qxc4 Bf5 6.g3 Nbd7 7.Bg2 e6 8.Nc3 Be7
9.O-O O-O 10.Re1 Ne4 11.Qb3 Qb6 12.Nh4 Bxh4 13.gxh4 Qxb3 14.axb3 Ndf6 15.f3 Nxc3
16.bxc3 Bg6 17.e4 Nd7 18.Ba3 Rfe8 19.Bd6 f6 20.Ra5 a6 21.Bh3 Nf8 22.Kf2 Bf7
23.Rd1 Rad8 24.Bc7 Rc8 25.Bg3 Rcd8 26.c4 e5 27.d5 Be6 28.Bf1 Bc8 29.Ke1 h5
30.Bf2 Bd7 31.b4 Ra8 32.Bc5 cxd5 33.Bxf8 Kxf8 34.Raxd5 Be6 35.Rd6 Rac8 36.c5 Bb3
37.R1d2 a5 38.Bb5 axb4 39.Bxe8 Kxe8 40.Rd7 Rb8 41.Rxg7 Bf7 42.Rd6 Kf8 43.Rg2 Rc8
44.Rb2 b3 45.Rxf6 Kg7 46.Rb6 Rxc5 47.Rxb7 Rc3 48.Kf2 Kf6 49.Rd2 Rc6 50.f4 exf4
51.Kf3 Rc1 52.Kxf4 Rf1+ 53.Ke3 Be6 54.Rf2+ Rxf2 55.Kxf2 Bf7 56.Ke3 Be6 57.Kf4 Bc4
58.Rb6+  1-0

[Event "Reykjavik Open"]
[Site "Reykjavik ISL"]
[Date "2012.03.06"]
[Round "1.74"]
[White "Edvardsson,K"]
[Black "Lensebakken,Jonar"]
[Result "1-0"]
[WhiteElo "2217"]
[BlackElo "1643"]

1.d4 Nf6 2.Nf3 d5 3.c4 c6 4.g3 Bg4 5.Bg2 e6 6.Nc3 Nbd7 7.O-O Be7 8.b3 O-O
9.h3 Bh5 10.Bf4 dxc4 11.bxc4 Nb6 12.g4 Bg6 13.Ne5 Nfd7 14.Nxg6 hxg6 15.Qb3 Qc8
16.Rfc1 Nf6 17.Rab1 Rd8 18.e3 Rd7 19.a4 Qd8 20.a5 Nc8 21.a6 b6 22.Bxc6 Nd6
23.c5 Rb8 24.Bxd7 Qxd7 25.cxd6 Bxd6 26.Bxd6  1-0

[Event "Reykjavik Open"]
[Site "Reykjavik ISL"]
[Date "2012.03.06"]
[Round "1.16"]
[White "Papin,V"]
[Black "Miettinen,T"]
[Result "1-0"]
[WhiteElo "2575"]
[BlackElo "2012"]

1.d4 d5 2.Nf3 Nf6 3.c4 c6 4.Qc2 e6 5.Bg5 Nbd7 6.e3 Qa5+ 7.Nbd2 Bd6 8.Bd3 O-O
9.O-O h6 10.Bh4 Re8 11.a3 Qc7 12.c5 Bf8 13.Bg3 Qd8 14.h3 Nh5 15.Bh2 f5 16.b4 a5
17.b5 a4 18.Nb1 Nhf6 19.Nc3 Qa5 20.Rfb1 Ne4 21.Nxe4 fxe4 22.Ne5 Nxe5 23.Bxe5 Bd7
24.b6 Rec8 25.Bxe4  1-0

[Event "Reykjavik Open"]
[Site "Reykjavik ISL"]
[Date "2012.03.06"]
[Round "1.40"]
[White "Thomassen,J"]
[Black "Sjol,H"]
[Result "1-0"]
[WhiteElo "2400"]
[BlackElo "1892"]

1.d4 d5 2.Nf3 Nf6 3.c4 c6 4.Qc2 e6 5.g3 Nbd7 6.Bg2 Be7 7.O-O O-O 8.Rd1 Re8
9.Ne5 Nf8 10.Nc3 N6d7 11.e4 dxc4 12.Nxc4 b5 13.Ne3 Bb7 14.d5 b4 15.dxe6 Nxe6
16.Ne2 Qc7 17.f4 Rac8 18.b3 Red8 19.Bh1 Nb6 20.Bb2 Rxd1+ 21.Rxd1 Rd8 22.f5  1-0

[Event "European Ind w 2012"]
[Site "Gaziantep TUR"]
[Date "2012.03.07"]
[Round "6"]
[White "Hoang Thanh Trang"]
[Black "Girya,O"]
[Result "1-0"]
[WhiteElo "2438"]
[BlackElo "2406"]

1.d4 d5 2.c4 c6 3.Nf3 Nf6 4.Qc2 dxc4 5.Qxc4 Bf5 6.g3 e6 7.Bg2 Be7 8.O-O O-O
9.Nc3 Nbd7 10.Re1 b5 11.Qxc6 b4 12.Nd1 Be4 13.Qa6 Nb6 14.Bf4 Nfd5 15.Ne3 Nxf4
16.gxf4 Qd6 17.Ne5 Bxg2 18.Nxg2 Qxd4 19.Nc6 Qd7 20.Rac1 Rfc8 21.Nxe7+ Qxe7
22.Red1 h6 23.e3 Rxc1 24.Rxc1 Rd8 25.Qe2 Rd6 26.Rd1 Rc6 27.Kf1 Qc7 28.Ne1 a5
29.Qb5 Nc4 30.b3 Nd6 31.Qd3 g6 32.Nf3 Rc1 33.Rxc1 Qxc1+ 34.Ke2 Qc5 35.Ne5 g5
36.Nd7 Qb5 37.Qxb5 Nxb5 38.fxg5 Nc3+ 39.Kd3 Nxa2 40.gxh6 Kh7 41.Ne5 f6 42.Nc6 Kxh6
43.Nxa5 Kg5 44.Nc6 Kg4 45.Kc4 e5 46.Nxb4 Nxb4 47.Kxb4 e4 48.Kc4 Kf3 49.Kd4 f5
50.Ke5  1-0

[Event "European Ind w 2012"]
[Site "Gaziantep TUR"]
[Date "2012.03.09"]
[Round "7"]
[White "Paehtz,E"]
[Black "Ziaziulkina,N"]
[Result "1-0"]
[WhiteElo "2459"]
[BlackElo "2343"]

1.d4 d5 2.c4 c6 3.Nf3 Nf6 4.Qc2 dxc4 5.Qxc4 Bf5 6.g3 e6 7.Bg2 Be7 8.O-O O-O
9.Nc3 Nbd7 10.Re1 h6 11.e4 Bh7 12.a3 Rc8 13.Qe2 Re8 14.Bf4 b5 15.h4 a5 16.Nd2 Bf8
17.Rad1 Nb6 18.Nb3 Nc4 19.Bc1 Qb6 20.e5 Nd7 21.Nd2 Nxd2 22.Bxd2 Red8 23.Be3 Qb8
24.Bf4 Nb6 25.Ne4 Nd5 26.Bd2 Qb6 27.Bc1 b4 28.axb4 Bxb4 29.Rf1 Nc7 30.Be3 Nd5
31.g4 Nxe3 32.fxe3 Be7 33.g5 hxg5 34.Nxg5 Bxg5 35.hxg5 Rc7 36.Rf2 Qb3 37.Rc1 Rdc8
38.Rc5 a4 39.Bf1 Bg6 40.Rh2 Rb8 41.Rc3 Qd5 42.Qg4 Rcb7 43.Qh3 Kf8 44.Bc4 Qd8
45.Qh8+ Ke7 46.Qxg7 Kd7 47.Bxe6+ Kxe6 48.Rxc6+ Kf5 49.Rf2+ Ke4 50.Rxg6 fxg6
51.Qxg6+ Kxe3 52.Qf5 Qd5 53.Qh3+ Kxd4 54.Qc3+ Ke4 55.Qf3+ Kxe5 56.Qf6+ Ke4
57.Qf4+  1-0

[Event "Reykjavik Open"]
[Site "Reykjavik ISL"]
[Date "2012.03.09"]
[Round "4.11"]
[White "Halkias,S"]
[Black "Bartholomew,J"]
[Result "1/2-1/2"]
[WhiteElo "2588"]
[BlackElo "2440"]

1.d4 d5 2.c4 c6 3.Nf3 Nf6 4.Qc2 dxc4 5.Qxc4 Bg4 6.Nbd2 Nbd7 7.g3 e6 8.Bg2 Be7
9.O-O O-O 10.h3 Bf5 11.Qb3 Qb6 12.Nh4 Qxb3 13.Nxb3 Be4 14.Be3 a5 15.a4 Nb6
16.Rfc1 Bd5 17.Nc5 Nc4 18.Bg5 Bxc5 19.dxc5 Bxg2 20.Nxg2 Ne5 21.Bxf6 gxf6
22.Ne3 Rfd8 23.f4 Nd7 24.Kf2 Kf8 25.g4 Ke7 26.Ra3 h5 27.Rb3 Rab8 28.Rbc3  1/2-1/2

[Event "TCh-SVK Extraliga 2011-12"]
[Site "Slovakia SVK"]
[Date "2012.03.10"]
[Round "10.8"]
[White "Srvatka,I"]
[Black "Macko,M"]
[Result "1/2-1/2"]
[WhiteElo "2226"]
[BlackElo "2146"]

1.d4 d5 2.c4 c6 3.Nf3 Nf6 4.Qc2 g6 5.Nbd2 Bg7 6.e3 O-O 7.Be2 Nbd7 8.O-O Re8
9.Rd1 e5 10.dxe5 Nxe5 11.Nxe5 Rxe5 12.Nf3 Re7 13.cxd5 cxd5 14.Bd2 Ne4 15.Bb4 Re6
16.Bc4 Qc7 17.Rxd5 Rc6 18.Qxe4 Bf5 19.Qe7 Rxc4 20.Qxc7 Rxc7 21.Rd2 a5 22.Bd6 Rd7
23.Rad1 Rad8 24.Kf1 Be6 25.Bc7 Rxd2 26.Nxd2 Rc8 27.Bxa5  1/2-1/2

[Event "European Ind w 2012"]
[Site "Gaziantep TUR"]
[Date "2012.03.13"]
[Round "11"]
[White "Tsiganova,M"]
[Black "Motycakova,M"]
[Result "1/2-1/2"]
[WhiteElo "2185"]
[BlackElo "2087"]

1.d4 d5 2.c4 c6 3.Nf3 Nf6 4.Qc2 dxc4 5.Qxc4 Bf5 6.Nc3 e6 7.g3 Nbd7 8.Bg2 Be7
9.O-O O-O 10.Re1 Ne4 11.Bf4 Qb6 12.Nh4 Bxh4 13.gxh4 e5 14.Bxe4 Bxe4 15.dxe5 Bf5
16.e4 Be6 17.Qe2 Qa5 18.Kh1 Nxe5 19.Rg1 Ng6 20.Bd6 Rfd8 21.Rg5 Qb6 22.Bc5 Qc7
23.Rag1 f6 24.R5g3 Rd7 25.h5 Nf4 26.Qf3 Qe5 27.h6 Nh5 28.Rh3 Bxh3 29.Qxh3 Rad8
30.Bxa7 g6 31.Be3 Kh8 32.Qg4 Rd3 33.Bc1 f5 34.Qh4 fxe4 35.Bg5 Rf8 36.Nxe4 Rd4
37.Re1 Qf5 38.Bd2 Kg8 39.Re3 Rxd2 40.Nxd2 Qd5+ 41.Qe4 Qxd2 42.Qe6+ Kh8 43.Qe5+ Kg8
44.Qe6+ Kh8 45.Qe5+ Kg8  1/2-1/2

[Event "ch-Moscow Final 2012"]
[Site "Moscow RUS"]
[Date "2012.03.13"]
[Round "4"]
[White "Seliverstov,Vl"]
[Black "Krivoborodov,E"]
[Result "0-1"]
[WhiteElo "2377"]
[BlackElo "2514"]

1.d4 d5 2.c4 c6 3.Nf3 dxc4 4.e3 Be6 5.Nc3 b5 6.Ng5 Bd7 7.a4 e6 8.axb5 Qxg5
9.b6 a5 10.Bxc4 Qxg2 11.Rf1 Bb4 12.Bd2 Nf6 13.Ne2 Bxd2+ 14.Qxd2 O-O 15.Rxa5 Ne4
16.b7 Qxf1+  0-1

[Event "Reykjavik Open"]
[Site "Reykjavik ISL"]
[Date "2012.03.13"]
[Round "9.14"]
[White "Gislason,G"]
[Black "Stefansson,H"]
[Result "0-1"]
[WhiteElo "2346"]
[BlackElo "2531"]

1.d4 d5 2.c4 c6 3.Nf3 Nf6 4.Qc2 g6 5.Bf4 Bg7 6.e3 O-O 7.Nc3 a6 8.Bd3 b5 9.b3 Be6
10.c5 Nh5 11.Be5 Nd7 12.Ne2 Qa5+ 13.Qd2 Qxd2+ 14.Kxd2 a5 15.h3 Nhf6 16.a4 b4
17.Nf4 Ne4+ 18.Bxe4 dxe4 19.Bxg7 Kxg7 20.Ng5 Bxb3 21.Nxe4 e5 22.Nd3 Bd5 23.f3 Bxe4
24.fxe4 Rfe8 25.Nf2 Rad8 26.Rhc1 Nf8 27.d5 cxd5 28.c6 dxe4+ 29.Ke2 f5 30.Rc5 Rd6
31.Rac1 Rc8 32.c7 Ra6 33.g4 Ne6 34.Rd5 Kf6 35.Rd7 b3 36.Rf1 Nc5 37.Rxh7 f4
38.g5+ Kxg5 39.Ng4 b2 40.Rg1 Kf5 41.Re7 Nd3 42.Rf7+ Ke6  0-1

[Event "ch-URU 2012"]
[Site "Montevideo URU"]
[Date "2012.03.14"]
[Round "7"]
[White "Coppola,C"]
[Black "Granara Barreto,S"]
[Result "1-0"]
[WhiteElo "2131"]
[BlackElo "2156"]

1.d4 d5 2.Nf3 Nf6 3.c4 c6 4.Qc2 g6 5.Bf4 Bg7 6.e3 O-O 7.Nc3 Na6 8.Be2 Nc7
9.O-O dxc4 10.Bxc4 Ncd5 11.Be5 Bh6 12.e4 Nf4 13.Ne2 N6h5 14.Nxf4 Nxf4 15.Ne1 Ne6
16.Rd1 Qa5 17.Nd3 Bg7 18.Bxg7 Kxg7 19.Nc1 Nf4 20.Ne2 Qg5 21.Nxf4 Qxf4 22.Rfe1 Bg4
23.f3 Bd7 24.Qc3 Qc7 25.Qe3 a5 26.Rc1 Qb6 27.Kh1 Rac8 28.Qa3 Qb4 29.Qxb4 axb4
30.Kg1 Rfd8 31.Kf2 Ra8 32.Ke3 Ra5 33.Bb3 Rda8 34.Rc4 Rb5 35.Rc5 Rba5 36.Rxa5 Rxa5
37.Rc1 b6 38.Rd1 Be6 39.d5 cxd5 40.exd5 Bc8 41.Rd4 Rb5 42.Ba4 Ra5 43.Rxb4 b5
44.Bxb5 Rxa2 45.Bc4 Ra1 46.Rb8 Bf5 47.b4 Kf6 48.Rb6+ Kg7 49.b5 Bd7 50.Rb7 Bxb5
51.Rxb5 Rg1 52.Kf2 Rd1 53.Be2 Rc1 54.d6 exd6 55.Rb6 d5 56.Rb5 Rc7 57.Rxd5 Re7
58.Bd3 Ra7 59.Bc4 Rc7 60.Be2 Re7 61.Ra5 Rc7 62.Rb5 Re7 63.Rb1 Rc7 64.Ra1 Re7
65.Re1 Rc7 66.Rd1 h5 67.f4 Kf6 68.Rd5 Ra7 69.Rd6+ Ke7 70.Ra6 Rc7 71.f5 gxf5
72.Bxh5 Rb7 73.Bf3  1-0

[Event "European Ind w Rapid 2012"]
[Site "Gaziantep TUR"]
[Date "2012.03.15"]
[Round "1"]
[White "Paehtz,E"]
[Black "Gvetadze,Sopi"]
[Result "0-1"]
[WhiteElo "2459"]
[BlackElo "2334"]

1.d4 d5 2.c4 c6 3.Nf3 Nf6 4.Qc2 dxc4 5.Qxc4 Bf5 6.g3 e6 7.Bg2 Nbd7 8.O-O Be7
9.Nc3 O-O 10.Re1 Bg6 11.e4 b5 12.Qxc6 b4 13.e5 Rc8 14.Qa6 bxc3 15.exf6 Nxf6
16.bxc3 Rxc3 17.Qxa7 Be4 18.Bb2 Rc2 19.Ba3 Bxa3 20.Qxa3 Qc7 21.Qe3 Ra8 22.a4 Rc3
23.Rac1 Rxc1 24.Rxc1 Qb7 25.Ra1 h6 26.Qa3 Ra5 27.Ne1 Bxg2 28.Nxg2 Qa7 29.Qc3 Nd5
30.Qc4 Nb6 31.Qc6 Rxa4 32.Qe8+ Kh7 33.Rxa4 Nxa4 34.Nf4 Nc3 35.Qf8 Ne4 36.Nh5 Qxd4
37.Qxf7 Ng5 38.Qe8 Nh3+ 39.Kg2 Qxf2+ 40.Kxh3 Qf1+ 41.Kg4 Qf5+  0-1